The Top 20 Best Goalscorers of the Decade (2010s) - Statistics

General Stats
  • This quiz has been taken 1,159 times
    446 since last reset
  • The average score is 15 of 20
Answer Stats
Rank Player Goals % Correct
2nd Cristiano Ronaldo 477
100%
1st Lionel Messi 522
100%
3rd Robert Lewandowski 324
99%
5th Luis Suárez 303
98%
7th Zlatan Ibrahimović 251
97%
4th Edinson Cavani 309
91%
10th Karim Benzema 232
88%
8th Pierre-Emerick Aubameyang 241
86%
16th Romelu Lukaku 186
85%
6th Sergio Agüero 280
85%
17th Harry Kane 183
83%
13th Edin Džeko 196
82%
18th Thomas Müller 180
79%
9th Gonzalo Higuaín 240
75%
11th Radamel Falcao 219
75%
15th Antoine Griezmann 187
69%
18th Dries Mertens 180
51%
20th Aritz Aduriz 178
21%
12th Bas Dost 205
16%
14th Jonas 189
8%
No matching quizzes found
Score Distribution
Percent of People with Each Score
Percentile by Number Answered
Your Score History
You have not taken this quiz since the last reset